000 00279nam a2200109Ia 4500
008 220216s9999 xx 000 0 und d
245 0 _aHistory of rubber down the ages
260 _bRubber Asia 20th Anniversary Issue
300 _a76-79
650 _aRubber history
942 _cJS
999 _c60461
_d60461